000 01018nam a2200277Ia 4500
003 OSt
005 20221007123348.0
006 a|||||r|||| 00| 0
007 ta
008 221006b |||||||| |||| 00| 0 eng d
020 _a0486661814 (pbk)
_c
_ 19.95
024 _a10004
037 _bI K,
_cTextual
040 _aPAPL
_cPAPL
_beng
041 _2eng
_aeng
082 _aB270C, K2;1
100 _aHamermesh Morton
_9717135
245 0 _aGroup theory and its application to physical problems by Morton Hamermesh
260 _aNew
_bYork Dover Pub. Inc.
_c1962
300 _axv, 509p
_ccm.
500 _aBibliography 497-501p; Index 503-509p; ^n23/CSL/CARPA/2002-03/414^d2002-10-11^mPurchase; ; 2002-03/329^b2002-10-28^cIK/2002/1755^d2002-10-18^eRs.2,918.00^fI K International Pvt. Ltd.; ; 2003-01-24^bSB^c2003-04-12^dRPS
650 _a Group Theory irt Physics
_9716963
650 _aMathematics
942 _hB270C, K2;1
_cTEXL
_2CC
999 _c1211753
_d1211753